000 00285nam a22001337a 4500
008 170628b xxu||||| |||| 00| 0 eng d
020 _a1558509542
041 _aeng
080 _23 ED
_a82
100 _a22
101 _aGJL
245 _aKNPCK EM DEAD
_cYATE.M.J
942 _2udc
_cBK
999 _c19430
_d19430